Vyhľadávanie informácií

Bibliographic Details
Main Author: Blichová, Slavka, 1964- (Author)
Format: Book
Language:Slovak
PhysicalDescription:66 strán ilustrácie 30 cm
Published: [Bratislava] Ministerstvo investícií, regionálneho rozvoja a informatizácie Slovenskej republiky 2022
ISBN:9788097424022
Series:Digitálni seniori
Subjects:

MARC

LEADER 00000cam a2200000 4500
001 vtls012158053
003 SK-MaSNL
005 20260301105458.0
008 230110s2021 xo a r o000 0 slo
015 |a SNBA2023/03 
020 |a 9788097424022  |q (brožované) 
040 |a SNK  |b slo  |c SNK  |e rda 
041 0 |a slo 
044 |a xo  |c SK 
072 7 |a 004  |x Počítačová veda. Výpočtová technika. Informačné technológie  |2 konspekt 
080 |a 004.38-027.22  |2 2011 
080 |a 374.7-053.9  |2 2011 
080 |a (075)  |2 2011 
080 |a 004.657  |2 2011 
100 1 |a Blichová, Slavka,  |d 1964-  |4 aut  |9 223532 
245 1 0 |a Vyhľadávanie informácií  |c autor: Slavka Blichová a kol. 
264 1 |a [Bratislava]  |b Ministerstvo investícií, regionálneho rozvoja a informatizácie Slovenskej republiky  |c 2022 
300 |a 66 strán  |b ilustrácie  |c 30 cm 
336 |a text  |b txt  |2 rdacontent 
337 |a bez média  |b n  |2 rdamedia 
338 |a zväzok  |b nc  |2 rdacarrier 
490 1 |a Digitálni seniori  |v 2 
500 |a Názov z obálky 
500 |a V názve edície je písmeno "á" nahradené znakom "&" 
650 0 7 |a práca s počítačom  |2 SNKPH  |9 3626 
650 0 7 |a vzdelávanie seniorov  |2 SNKPH  |9 237826 
650 0 7 |a digitálne zručnosti  |2 SNKPH  |9 371230 
650 0 7 |a Using personal computers  |2 SNKPHeng  |9 311545 
650 0 7 |a Older adult education  |2 SNKPHeng  |9 319759 
650 0 7 |a vyhľadávanie informácií  |2 SNKPH  |9 1528 
650 0 7 |a Information retrievals  |2 SNKPHeng  |9 267083 
655 7 |a učebné texty  |2 SNKPH  |9 70568 
655 7 |a Educational texts  |2 SNKPHeng  |9 277375 
710 1 |a Slovensko.  |b Ministerstvo investícií, regionálneho rozvoja a informatizácie  |4 pbl  |9 319761 
830 0 |a Digitálni seniori  |9 371231 
919 |a 978-80-974240-2-2 
954 |a odborná, vedecká literatúra pôvodná (slovenská)  |2 lita 
999 |c 700970  |d 702900 
952 |a SNK  |b SNK  |y PREZ  |7 0  |p 17A1516920  |o snkSB 83837  |i snk2023/115  |8 0  |0 0  |1 0  |4 0  |d 2023-01-10  |f 1  |l 0  |r 2025-05-06 00:00:00  |w 2026-02-23 
952 |a SNK  |b SNK  |y VYP  |7 0  |p 17A1516921  |o snkSB 83837 D1  |i snk2023/116  |8 0  |0 0  |1 0  |4 0  |d 2023-01-10  |l 0  |r 2026-02-23 20:56:58  |w 2026-02-23